Handball.

Bibliographic Details
Main Author: Yessis, Michael
Format: Book
Language:English
Published: Dubuque, Iowa : W. C. Brown Co., [1966]
Series:Physical education activities series.
Subjects:

MARC

Tag First Indicator Second Indicator Subfields
LEADER 00000cam a22000001 4500
001 in00000024316
005 20151007061107.0
008 711012s1966 iaua 00000 eng
010 |a  66021279  
035 |a (OCoLC)02004542 
035 |9 AAD1072AM 
040 |a DLC  |c DLC  |d TXA  |d UtOrBLW 
049 |a TXAM  |c [520710] 
050 0 0 |a GV1017.H2  |b Y4 
082 0 |a 796.31 
092 |a 796.31  |b Y47h 
100 1 |a Yessis, Michael. 
245 1 0 |a Handball. 
264 1 |a Dubuque, Iowa :  |b W. C. Brown Co.,  |c [1966] 
300 |a vii, 70 pages :  |b illustrations ;  |c 23 cm. 
336 |a text  |b txt  |2 rdacontent 
337 |a unmediated  |b n  |2 rdamedia 
338 |a volume  |b nc  |2 rdacarrier 
490 1 |a Brown physical education activities series 
650 0 |a Handball. 
830 0 |a Physical education activities series. 
999 |a MARS 
999 f f |s c7dce57c-bd81-3327-9151-8cf624b46f58  |i ab776215-5246-3e88-8446-d1f2ae4cb419  |t 0 
952 f f |p ric  |a Texas A&M University  |b Rellis Campus  |c Joint Library Facility  |d Remote Storage  |t 0  |e GV1017.H2 Y4  |h Library of Congress classification  |i unmediated -- volume  |m A14801183890 
998 f f |a GV1017.H2 Y4  |t 0  |l Remote Storage